Próxima elecciones y otras urgencias. Mensaje 27 febrero 2016 (Record no. 9772)

MARC details
000 -LEADER
campo de control de longitud fija 00386nam a2200133Ia 4500
001 - NÚMERO DE CONTROL
campo de control 4119
008 - DATOS DE LONGITUD FIJA--INFORMACIÓN GENERAL
campo de control de longitud fija 241024s9999 xx 000 0 und d
082 ## - NÚMERO DE LA CLASIFICACIÓN DECIMAL DEWEY
Número de clasificación RD/324/C748p
100 ## - ENTRADA PRINCIPAL--NOMBRE DE PERSONA
Nombre de persona Conferenica del Episcopado Dominicano, CED
245 #0 - MENCIÓN DEL TÍTULO
Título Próxima elecciones y otras urgencias. Mensaje 27 febrero 2016
260 ## - PUBLICACIÓN, DISTRIBUCIÓN, ETC.
Nombre del editor, distribuidor, etc. Santo Domingo
Fecha de publicación, distribución, etc. 2016
901 ## - ELEMENTOS DE DATOS A LOCAL LDA (RLIN)
a 1/8/2016 11:40:22 a.m.

No items available.

© 2024. Todos los Derechos Reservados. Desarrollado por IDEICE